Sanskrit Letters - Statistics

General Stats
  • This quiz has been taken 52 times
  • The average score is 21 of 36
Answer Stats
Hint Answer % Correct
a
76%
i
75%
ka
75%
ma
70%
ja
68%
u
68%
aa
67%
na
67%
pa
65%
u
65%
tha
63%
ga
62%
ta
62%
ya
61%
dha
60%
ba
59%
da
59%
dha
59%
kha
59%
gha
57%
la
57%
na
57%
ra
57%
ta
57%
va
57%
ca
55%
ii
55%
tha
55%
ha
52%
jha
52%
pha
52%
sa
52%
sa
50%
bha
48%
da
45%
cha
44%
na
43%
sa
39%
nga
33%
No matching quizzes found
Score Distribution
Percent of People with Each Score
Percentile by Number Answered
Your Score History
You have not taken this quiz